Fünf größte Städte in....EXTREME - Statistiken

Allgemein
  • Dieses Quiz wurde 781 mal gespielt
    777 seit der letzten Aktualisierung
  • Das Durchschnittsergebnis liegt bei 89 aus 167
Antwortstatistiken
Einwohnerzahl Region Stadt in Deutschland % Korrekt
3.520.031 = Stadt Berlin
99%
1.787.408 = Stadt Hamburg
99%
1.450.381 Bayern München
99%
1.060.582 Nordrhein-Westfalen Köln
98%
8.869.898 Greater London London
98%
2.220.445 Ilde-de-France Paris
98%
396.027 = Stadt Zürich
98%
855.896 Nordholland Amsterdam
97%
140.634 = Stadt Bern
97%
1.867.582 = Stadt Wien
97%
732.688 Hessen Frankfurt am Main
96%
12.228.685 Zentralrussland Moskau
96%
1.753.977 Masowien Warschau
96%
3.165.541 = Stadt Madrid
95%
2.867.078 Latium Rom
95%
1.608.746 Katalonien Barcelona
94%
553.165 = Stadt Dublin
94%
1.350.487 Lombardei Mailand
94%
1.191.604 Hauptstadt Brüssel
93%
2.925.760 = Stadt Kiew
93%
858.120 Provence-Alpes-Cote d´Azur Marseille
93%
8.537.673 New York New York
93%
1.259.079 = Stadt Prag
93%
638.751 Südholland Rotterdam
93%
1.515.017 = Stadt Stockholm
93%
506.615 Auvergne-Rhone-Alpes Lyon
92%
13.120.596 = Stadt Istanbul
91%
613.288 Hovedstaden Kopenhagen
91%
3.976.322 Kalifornien Los Angeles
91%
194.565 = Stadt Genf
90%
8.555.500 Distrito Federal Mexiko-Stadt
90%
972.212 Kampanien Neapel
90%
6.520.270 = Stadt Rio de Janeiro
90%
4.431.719 = Stadt Ankara
89%
1.140.754 West Midlands Birmingham
89%
571.733 North West England Liverpool
89%
152.367 = Stadt Salzburg
89%
882.652 = Stadt Jerusalem
88%
16.446.857 = Stadt Peking
88%
9.272.740 = Stadt Tokio
88%
175.131 = Stadt Basel
87%
2.935.440 Distrito Federal Brasilia
87%
4.667.283 New South Wales Sydney
87%
889.600 Piemont Turin
87%
5.429.524 Ontario Toronto
86%
2.704.958 Illinois Chicago
85%
790.201 = Stadt Valencia
84%
283.869 Steiermark Graz
83%
4.246.345 Victoria Melbourne
83%
11.998.090 = Stadt Sao Paulo
83%
20.217.748 = Stadt Shanghai
83%
765.320 Kleinpolen Krakau
82%
5.188.286 = Stadt Riad
82%
8.693.706 = Stadt Teheran
82%
690.566 Anadlusien Sevilla
81%
2.264.823 British Columbia Vancouver
81%
2.303.482 Texas Houston
80%
12.478.447 Maharashtra Mumbai
80%
132.236 Tirol Innsbruck
79%
203.012 Oberösterreich Linz
79%
343.895 Provence-Alpes-Cote d´Azur Nizza
79%
671.531 Sizilien Palermo
79%
438.818 = Stadt Tel Aviv
79%
531.935 Südholland Den Haag
78%
301.706 = Stadt Malmö
78%
11.007.835 = Stadt Delhi
77%
3.519.595 Quebec Montreal
76%
1.897.548 Western Australia Perth
76%
572.799 = Stadt Göteborg
74%
520.504 = Stadt Antwerpen
73%
5.281.579 Nordwestrussland Sankt Petersburg
72%
2.691.185 = Stadt Osaka
71%
611.760 = Stadt Glasgow
70%
1.615.017 Arizona Phoenix
66%
2.189.878 Queensland Brisbane
65%
3.354.934 = Stadt Izmir
64%
466.297 Okzitanien Toulouse
64%
259.083 Ostflandern Gent
61%
637.683 Niederschleseien Breslau
60%
10.641.408 = Stadt Guangzhou
60%
169.033 = Stadt Pilsen
60%
125.622 = Stadt Cork
59%
229.184 Nordbrabant Eindhoven
59%
927.201 = Stadt Donezk
58%
1.277.174 South Australia Adelaide
57%
1.010.783 = Stadt Odessa
57%
135.629 Waadt Lausanne
56%
1.534.731 = Stadt Mekka
56%
377.440 Südmähren Brno
55%
696.503 = Stadt Lodz
55%
347.526 = Stadt Utrecht
55%
1.062.643 Alberta Edmonton
52%
197.885 = Stadt Lüttich
52%
1.237.656 Alberta Calgary
50%
340.421 Midtjylland Aarhus
49%
1.439.036 = Stadt Charkiw
48%
1.500.800 Jalisco Guadalajara
46%
1.455.514 Ural Jekaterinburg
45%
540.372 Großpolen Posen
45%
1.602.915 Sibirien Nowosibirsk
44%
661.108 Aragonien Saragossa
43%
567.111 South West England Bristol
42%
279.591 = Stadt Haifa
42%
8.425.970 Karnataka Bengaluru
41%
1.952.356 Hokkaido Sapporo
41%
1.100.093 = Stadt Medina
40%
149.245 = Stadt Uppsala
40%
3.724.844 Kanagawa Yokohama
40%
213.558 Nordijlland Aalborg
38%
10.358.381 = Stadt Shenzhen
37%
2.295.638 Aichi Nagoya
35%
202.348 Syddanmark Odense
35%
58.319 = Stadt Limerick
33%
294.200 Mähren-Schlesien Ostrava
32%
79.504 = Stadt Galway
30%
1.261.666 Wolga Nischni Nowgorod
30%
6.809.970 Telengana Hyderabad
29%
201.256 Hennegau Charleroi
28%
9.290.263 = Stadt Tianjin
27%
976.525 = Stadt Dnipro
26%
3.430.697 = Stadt Dschidda
26%
1.961.260 = Stadt Isfahan
25%
1.386.100 Chihuahua Tijuana
24%
1.591.518 = Stadt Adana
23%
2.627.480 Ceara Fortaleza
23%
2.953.180 = Stadt Salvador da Bahia
23%
5.570.585 Gujarat Ahmedabad
22%
1.905.570 = Stadt Bursa
20%
1.498.300 = Stadt Puebla
17%
102.562 = Stadt Liberec
14%
116.032 Syddanmark Esbjerg
12%
48.369 = Stadt Waterford
12%
903.312 = Stadt Dammam
9%
3.001.184 Razavi-Chorasan Maschhad
9%
1.565.572 Fars Schiras
7%
1.742.000 Mexico Ecatepec de Morelos
3%
1.592.492 Albors Karadsch
2%
236.169 = Stadt Petach Tikwa
1%
247.323 = Stadt Rischon LeZion
1%
139.606 = Stadt Sollentuna
1%
Einwohnerzahl Region Stadt im Iran
0%
Einwohnerzahl Region Stadt in Australien
0%
Einwohnerzahl Region Stadt in Belgien
0%
Einwohnerzahl Region Stadt in Brasilien
0%
Einwohnerzahl Region Stadt in China
0%
Einwohnerzahl Region Stadt in Dänemark
0%
Einwohnerzahl Region Stadt in den Niederlanden
0%
Einwohnerzahl Region Stadt in den USA
0%
Einwohnerzahl Region Stadt in der Schweiz
0%
Einwohnerzahl Region Stadt in der Türkei
0%
Einwohnerzahl Region Stadt in der Ukraine
0%
Einwohnerzahl Region Stadt in Frankreich
0%
Einwohnerzahl Region Stadt in Großbritannien
0%
Einwohnerzahl Region Stadt in Indien
0%
Einwohnerzahl Region Stadt in Irland
0%
Einwohnerzahl Region Stadt in Israel
0%
Einwohnerzahl Region Stadt in Italien
0%
Einwohnerzahl Region Stadt in Japan
0%
Einwohnerzahl Region Stadt in Kanada
0%
Einwohnerzahl Region Stadt in Mexiko
0%
Einwohnerzahl Region Stadt in Österreich
0%
Einwohnerzahl Region Stadt in Polen
0%
Einwohnerzahl Region Stadt in Russland
0%
Einwohnerzahl Region Stadt in Saudi-Arabien
0%
Einwohnerzahl Region Stadt in Schweden
0%
Einwohnerzahl Region Stadt in Spanien
0%
Einwohnerzahl Region Stadt in Tschechien
0%
Keine übereinstimmenden Quizze gefunden
Verteilung der Resultate
Anzahl Personen mit jedem Resultat
Perzentil nach korrekt beantworteten Fragen
Ihre Resultats-Entwicklung
Sie haben dieses Quiz seit der letzten Aktualisierung nicht gespielt